Nada do outro mundo (Registo nº 236)
[ vista simples ]
| 000 -Etiqueta do registo | |
|---|---|
| Cabeçalho | 00689nam0a2200241 4500 |
| 005 - Identificador da versão | |
| Campo de controlo | 20240813121757.0 |
| 010 ## - Número internacional normalizado dos livros (ISBN) | |
| Número (ISBN) | 8497890558 |
| 021 ## - Número do Depósito Legal | |
| Código do país | PT |
| Número | B. 39 199-2003 |
| 100 ## - Dados gerais de processamento | |
| Dados gerais de processamento | 20160509d2003 a e0pory5003 ba |
| 102 ## - Pais de publicação ou produção | |
| País de publicação | Portugal |
| 101 1# - Língua de publicação | |
| Língua do texto, banda sonora, etc. | Português |
| Língua do documento no original | Espanhol |
| 215 ## - Descrição física | |
| Indicação específica da natureza do documento e extensão da espécie | 189, [2] p |
| 200 1# - Titulo e menção de responsabilidade | |
| Título próprio | Nada do outro mundo |
| Primeira menção de responsabilidade | Antonio Muñoz Molina |
| 225 2# - Colecção | |
| Título próprio da colecção | Mil folhas |
| Indicação de volume | 71 |
| 210 ## - Publicação, Distribuição, etc. | |
| Lugar da edição, distribuição, etc. | Porto |
| Nome do editor, distribuidor, etc. | Público Comunicação Social |
| Data da publicação, distribuição, etc. | cop. 2003 |
| 606 ## - Nome comum usado como assunto | |
| Número de registo de entrada de autoridade | 0002758 |
| Palavra de ordem | Literatura espanhola |
| Subdivisão de assunto | Romance |
| Código do sistema | CA |
| 675 ## - Classificação Decimal Universal (CDU) | |
| Notação | 821.134.2-31 |
| Edição | 3ª ed. |
| Língua da edição | por |
| 700 #1 - Nome de autor-pessoa física (responsabilidade principal) | |
| Número de registo de entrada de autoridade | 0002898 |
| Palavra de ordem | Muñoz Molina |
| Outra parte do nome não tomada para palavra de ordem | Antonio |
| Datas | 1956- |
| 966 ## - Identificação da Biblioteca | |
| Sigla | EB2,3ENM |
| 942 ## - Elementos de entrada adicionados (Koha) | |
| Tipo de item no Koha | Livro |
| Situação do levantamento | Origin of item (home branch) (coded) | Biblioteca de empréstimo | Código de barras | Cota | Circulation type (not for loan) | Tipo de documento | Nota do exemplar | Damaged status |
|---|---|---|---|---|---|---|---|---|
| Biblioteca Escolar Eng. Nuno Mergulhão | Biblioteca Escolar Eng. Nuno Mergulhão | BENM843 | 82LE-34 MUÑ | Livro | Sem mensagem |
